[Event "Titled Tuesday intern op 28th Dec"]
[Site "Chess.com INT"]
[Date "2021.12.28"]
[Round "4"]
[White "Nguyen, Hong Nhung"]
[Black "Levkov, Daniel"]
[Result "1-0"]
[WhiteElo "1697"]
[BlackElo "1974"]
[PlyCount "49"]
[EventDate "2021.12.28"]
[EventType "swiss (blitz)"]
[EventRounds "11"]
[EventCountry "USA"]
[SourceTitle "CBM 206 Extra"]
[Source "ChessBase"]
[SourceDate "2022.03.31"]
[SourceVersion "1"]
[SourceVersionDate "2022.03.31"]
[SourceQuality "1"]

1. e4 c5 2. Nc3 g6 3. f4 Bg7 4. Nf3 Nc6 5. Bc4 d6 6. 0-0 e6 7. f5 gxf5 8. d3 fxe4 9. dxe4 Qc7 10. Nb5 Qd7 11. Nxd6+ Ke7 12. Ng5 Bd4+ 13. Kh1 Qxd6 14. Nxf7 Qc7 15. Bg5+ Ke8 16. Qh5 Nf6 17. Bxf6 Qxf7 18. Qxf7+ Kxf7 19. Bxd4+ Kg8 20. Bxh8 Kxh8 21. Rf8+ Kg7 22. Raf1 Rb8 23. R1f7+ Kg6 24. Rc7 Bd7 25. Rxb8 1-0

[Event "Titled Tuesday intern op 28th Dec"]
[Site "Chess.com INT"]
[Date "2021.12.28"]
[Round "1"]
[White "Sadykov, Ramil"]
[Black "Levkov, Daniel"]
[Result "1-0"]
[WhiteElo "2345"]
[BlackElo "1974"]
[PlyCount "145"]
[EventDate "2021.12.28"]
[EventType "swiss (blitz)"]
[EventRounds "11"]
[EventCountry "USA"]
[SourceTitle "CBM 206 Extra"]
[Source "ChessBase"]
[SourceDate "2022.03.31"]
[SourceVersion "1"]
[SourceVersionDate "2022.03.31"]
[SourceQuality "1"]

1. e4 c5 2. Nc3 e6 3. g3 d5 4. exd5 exd5 5. Bg2 Nf6 6. Nge2 d4 7. Ne4 Nxe4 8. Bxe4 Be7 9. 0-0 0-0 10. d3 Nc6 11. Nf4 Ne5 12. Bxh7+ Kxh7 13. Qh5+ Kg8 14. Qxe5 Bg4 15. Bd2 Bd6 16. Qd5 Re8 17. Rfe1 Bxf4 18. Qxd8 Raxd8 19. Bxf4 Bf3 20. h3 f6 21. g4 Kf7 22. Kh2 Rxe1 23. Rxe1 Re8 24. Rxe8 Kxe8 25. Bb8 Bd1 26. Bxa7 Bxc2 27. Bxc5 Bxd3 28. Bxd4 Ke7 29. Kg3 Ke6 30. Kf4 Kd5 31. Ke3 Bc4 32. b3 Bf1 33. h4 Bh3 34. f3 Bg2 35. Bc3 Bf1 36. Bb4 g6 37. Kf4 Bb5 38. Bc3 Ke6 39. a4 Bc6 40. h5 gxh5 41. gxh5 Kf7 42. Kg4 Bd7+ 43. Kh4 Bc6 44. Kg3 Bd7 45. a5 Bb5 46. Kf4 Bc6 47. Bd2 Kg7 48. Kg4 Bd7+ 49. Kg3 Bc6 50. h6+ Kg6 51. Kf2 Bb5 52. Bf4 Bc6 53. Ke3 Bd5 54. b4 Bc6 55. Ke2 Bb5+ 56. Kf2 Bc6 57. Bd2 Kh7 58. Kg3 Kg6 59. Kg4 Bd7+ 60. Kg3 Bc6 61. Be3 Bd7 62. Kf2 Bc6 63. Ke2 Bd5 64. Kd3 Bxf3 65. Kc4 f5 66. Kc5 Be4 67. Bf4 Kh7 68. b5 Kg6 69. Kb6 Bf3 70. Ka7 Be4 71. a6 bxa6 72. bxa6 Bd5 73. Kb8 1-0

[Event "USA U16 K9 op"]
[Site "Grapevine"]
[Date "2019.04.26"]
[Round "2"]
[White "Levkov, Daniel"]
[Black "Nasta, Kiren Vivek"]
[Result "1/2-1/2"]
[WhiteElo "2003"]
[BlackElo "1600"]
[PlyCount "83"]
[EventDate "2019.04.26"]
[EventType "swiss"]
[EventRounds "7"]
[EventCountry "USA"]
[SourceTitle "CBM 190 Extra"]
[Source "ChessBase"]
[SourceDate "2019.07.15"]
[SourceVersion "1"]
[SourceVersionDate "2019.07.15"]
[SourceQuality "1"]

1. e4 e5 2. Nf3 Nc6 3. Bc4 Nf6 4. d3 Bc5 5. c3 d6 6. Bb3 a6 7. Nbd2 Ba7 8. h3 0-0 9. Nf1 Ne7 10. Bg5 Ng6 11. Nh4 Kh8 12. Nxg6+ fxg6 13. Ne3 Qe8 14. 0-0 c6 15. Nc4 Qe7 16. Kh2 b5 17. Ne3 Qe8 18. Bxf6 Rxf6 19. a4 Be6 20. Bxe6 Qxe6 21. axb5 axb5 22. Ra6 Qd7 23. Qa1 Rf7 24. b4 Raf8 25. d4 Qc7 26. Kg1 Bb6 27. f3 Rd8 28. Kh1 h6 29. Rd1 Rfd7 30. Qa2 Re7 31. Ng4 h5 32. dxe5 hxg4 33. exd6 Qb8 34. hxg4 Ree8 35. Qf7 Rf8 36. Qe7 Rfe8 37. Qf7 Rf8 38. Qe6 Rf6 39. Qb3 Rfxd6 40. Rxd6 Rxd6 41. Ra2 g5 42. g3 1/2-1/2

[Event "Wch U10"]
[Site "Durban"]
[Date "2014.09.25"]
[Round "7"]
[White "Levkov, Daniel"]
[Black "Larkin, Vladislav"]
[Result "0-1"]
[WhiteElo "1542"]
[BlackElo "1751"]
[PlyCount "82"]
[EventDate "2014.09.20"]
[EventType "swiss"]
[EventRounds "11"]
[EventCountry "RSA"]
[SourceTitle "CBM 162 Extra"]
[Source "ChessBase"]
[SourceDate "2014.10.17"]
[SourceVersion "1"]
[SourceVersionDate "2014.10.17"]
[SourceQuality "1"]

1. e4 e5 2. Nf3 Nf6 3. d4 Nxe4 4. Bd3 d5 5. Nxe5 Nd7 6. Nxd7 Bxd7 7. 0-0 Be7 8. c4 Nf6 9. cxd5 Nxd5 10. Nc3 Be6 11. Qf3 c6 12. Be3 0-0 13. Qh5 g6 14. Qf3 Bf6 15. Ne4 Bg7 16. Rad1 Qb6 17. Ng5 Qxb2 18. Qe4 Bf5 19. Qh4 h6 20. Nh3 Nxe3 21. fxe3 Bxd3 22. Rxd3 Qxa2 23. Rdd1 Qe6 24. Rde1 g5 25. Qg3 a5 26. Nf2 a4 27. h4 Qg6 28. Nh3 gxh4 29. Qxh4 Rfe8 30. Rf3 Re4 31. Qf2 a3 32. Nf4 Rxf4 33. Rxf4 a2 34. Ra1 Qb1+ 35. Qf1 Qb3 36. Rf3 c5 37. Rg3 cxd4 38. Qf6 Qb1+ 39. Kh2 Qh7 40. Qxd4 Kh8 41. Qd1 Be5 0-1

[Event "Wch U10"]
[Site "Durban"]
[Date "2014.09.22"]
[Round "4"]
[White "Kacharava, Nikoloz"]
[Black "Levkov, Daniel"]
[Result "1-0"]
[WhiteElo "1758"]
[BlackElo "1542"]
[PlyCount "63"]
[EventDate "2014.09.20"]
[EventType "swiss"]
[EventRounds "11"]
[EventCountry "RSA"]
[SourceTitle "CBM 162 Extra"]
[Source "ChessBase"]
[SourceDate "2014.10.17"]
[SourceVersion "1"]
[SourceVersionDate "2014.10.17"]
[SourceQuality "1"]

1. e4 c5 2. Nf3 d6 3. d4 cxd4 4. Nxd4 Nf6 5. Nc3 g6 6. Be3 Bg7 7. f3 0-0 8. Qd2 Nc6 9. Bc4 Bd7 10. 0-0-0 Rb8 11. g4 Na5 12. Bb3 b5 13. h4 b4 14. Nd5 Nxb3+ 15. Nxb3 Nxd5 16. exd5 a5 17. Bd4 a4 18. Na1 Bxd4 19. Qxd4 h6 20. h5 g5 21. f4 f6 22. fxg5 fxg5 23. Qe4 Be8 24. Rde1 Rb7 25. Rhf1 Bf7 26. Rf2 Qd7 27. Ref1 Qb5 28. Rxf7 Rxf7 29. Qg6+ Rg7 30. Qe6+ Kh7 31. Rf8 Qd7 32. Qe4+ 1-0

[Event "Toronto NAYCC U10"]
[Site "Toronto"]
[Date "2013.08.18"]
[Round "8"]
[White "Levkov, Daniel"]
[Black "Wang, Frank"]
[Result "1-0"]
[WhiteElo "1867"]
[BlackElo "1374"]
[PlyCount "45"]
[EventDate "2013.08.14"]
[EventType "swiss"]
[EventRounds "9"]
[EventCountry "CAN"]
[SourceTitle "EXT 2022"]
[Source "ChessBase"]
[SourceDate "2021.10.06"]
[SourceVersion "1"]
[SourceVersionDate "2021.10.06"]
[SourceQuality "1"]

1. e4 e5 2. Nf3 f5 3. exf5 d6 4. Bc4 c5 5. Bxg8 Rxg8 6. d3 Bxf5 7. Nc3 Nc6 8. a4 Nb4 9. Ne4 c4 10. 0-0 d5 11. Ng3 Bg4 12. dxc4 e4 13. Re1 Be7 14. h3 Bxf3 15. gxf3 dxc4 16. Qe2 Qc7 17. Qxe4 g6 18. Bg5 Rg7 19. Qd4 Rf7 20. Qh8+ Kd7 21. Rad1+ Kc6 22. Re6+ Kc5 23. Qd4# 1-0

[Event "Toronto NAYCC U10"]
[Site "Toronto"]
[Date "2013.08.15"]
[Round "3"]
[White "Hung, Justin"]
[Black "Levkov, Daniel"]
[Result "0-1"]
[WhiteElo "1179"]
[BlackElo "1867"]
[PlyCount "58"]
[EventDate "2013.08.14"]
[EventType "swiss"]
[EventRounds "9"]
[EventCountry "CAN"]
[SourceTitle "EXT 2022"]
[Source "ChessBase"]
[SourceDate "2021.10.06"]
[SourceVersion "1"]
[SourceVersionDate "2021.10.06"]
[SourceQuality "1"]

1. e4 c5 2. Nf3 d6 3. Nc3 Nf6 4. Bc4 g6 5. Ng5 e6 6. d3 Bg7 7. 0-0 0-0 8. Re1 Nc6 9. b3 a6 10. a4 d5 11. exd5 exd5 12. Bxd5 Nxd5 13. Ra3 Bxc3 14. Bd2 Bxd2 15. Qxd2 h6 16. Nf3 Kg7 17. c4 Nf6 18. Ne5 Nxe5 19. Rxe5 Qd4 20. Re3 Bf5 21. b4 Rfe8 22. bxc5 Rxe3 23. fxe3 Qxc5 24. Ra1 Rd8 25. d4 Qxc4 26. Qa5 Rxd4 27. exd4 Qxd4+ 28. Kh1 Qxa1+ 29. Qe1 Qxe1# 0-1

[Event "Toronto NAYCC U10"]
[Site "Toronto"]
[Date "2013.08.15"]
[Round "2"]
[White "Levkov, Daniel"]
[Black "Yelamarti, Shanmukh"]
[Result "1-0"]
[WhiteElo "1867"]
[BlackElo "393"]
[PlyCount "51"]
[EventDate "2013.08.14"]
[EventType "swiss"]
[EventRounds "9"]
[EventCountry "CAN"]
[SourceTitle "EXT 2022"]
[Source "ChessBase"]
[SourceDate "2021.10.06"]
[SourceVersion "1"]
[SourceVersionDate "2021.10.06"]
[SourceQuality "1"]

1. e4 e5 2. Nf3 Nc6 3. Bc4 Bc5 4. c3 Nf6 5. d3 0-0 6. Bb3 d6 7. Nbd2 d5 8. Qe2 dxe4 9. dxe4 Bg4 10. 0-0 a6 11. h3 Bxf3 12. Nxf3 Qd7 13. Bg5 Be7 14. Rad1 Qe8 15. Rd3 Rd8 16. Rfd1 h6 17. Bc1 Rxd3 18. Rxd3 b5 19. Nh4 a5 20. Nf5 a4 21. Rg3 g6 22. Rxg6+ Kh8 23. Rxh6+ Nh7 24. Qh5 axb3 25. Rxh7+ Kg8 26. Rg7# 1-0